| 000 | 00529nam a2200217 a 4500 | ||
|---|---|---|---|
| 001 | 14002 | ||
| 003 | BD-JhCC | ||
| 005 | 20240523082021.0 | ||
| 008 | 880808s2005 enk a 000 0 eng d | ||
| 020 | _a98486 | ||
| 035 | _a(BD-JhCC)14002 | ||
| 040 |
_aBD-JhCC _dBD-JhCC |
||
| 041 | _aeng | ||
| 082 |
_a421.5 _bRAB 2005 |
||
| 100 | 1 | _a Rabbani, Golam | |
| 245 | 1 | 3 |
_aThe 4 Skills / _cGolam Rabbani |
| 260 |
_aDhaka: _bHassan Book Depot; _c2005. |
||
| 300 |
_a434 p. _c21 cm. |
||
| 650 | 0 | _aEnglish language | |
| 942 |
_2ddc _cBK |
||
| 999 |
_c14002 _d14002 |
||